[Event "World Rapid 2023"]
[Site "Samarkand UZB"]
[Date "2023.12.27"]
[EventDate "2023.12.26"]
[Round "7.78"]
[Result "1-0"]
[White "Mukhammadali Abdurakhmonov"]
[Black "Mahammad Muradli"]
[WhiteElo "2409"]
[BlackElo "2550"]
[PlyCount "144"]

1. d4 Nf6 2. Bg5 d5 3. e3 c5 4. Bxf6 gxf6 5. dxc5 e6 6. Nf3 Bxc5 7. Be2 f5 8.
O-O Qf6 9. c4 dxc4 10. Nc3 O-O 11. Qa4 Bd7 12. Qxc4 Rc8 13. Qf4 Be7 14. Rfd1 Be8
15. Rd2 Nc6 16. Rad1 a6 17. h4 Rd8 18. e4 fxe4 19. Qxf6 Bxf6 20. Nxe4 Be7 21.
Nd6 Rxd6 22. Rxd6 Bxd6 23. Rxd6 Kf8 24. Kf1 Rc8 25. a3 Ne7 26. Rd2 Ba4 27. Bd3
h6 28. Be4 Rc1+ 29. Ke2 Bb5+ 30. Ke3 Bc6 31. Rd8+ Kg7 32. Bxc6 bxc6 33. Kd2 Rf1
34. Ke2 Rb1 35. Rd2 Nd5 36. g3 Rc1 37. Nd4 Ne7 38. Rc2 Rb1 39. Nxc6 Nxc6 40.
Rxc6 Rxb2+ 41. Kf1 Rb1+ 42. Kg2 a5 43. Rc5 a4 44. Rc4 Rb3 45. Rxa4 Kg6 46. Ra6
Kf5 47. a4 Ra3 48. a5 Ke4 49. Ra8 f5 50. a6 e5 51. h5 Ra5 52. a7 Ra2 53. Rf8
Rxa7 54. f3+ Kd5 55. Rxf5 Ke6 56. Rf8 Ra6 57. g4 Ke7 58. Rh8 Rf6 59. Kg3 Ke6 60.
Re8+ Kd6 61. Kf2 Kd5 62. Ke3 Ra6 63. Rd8+ Ke6 64. Rg8 Kf7 65. Rh8 Kg7 66. Rc8
Kf6 67. Rg8 Kf7 68. Rg6 Rf6 69. Rxf6+ Kxf6 70. Kf2 Ke6 71. Kg3 Kd5 72. g5 1-0

[Event "World Rapid 2023"]
[Site "Samarkand UZB"]
[Date "2023.12.27"]
[EventDate "2023.12.26"]
[Round "7.79"]
[Result "0-1"]
[White "Gianmarco Leiva"]
[Black "Giovanni Vescovi"]
[WhiteElo "2398"]
[BlackElo "2584"]
[PlyCount "126"]

1. d4 d6 2. Nf3 Nd7 3. e4 e5 4. c3 Ngf6 5. Bd3 Be7 6. O-O O-O 7. Nbd2 c6 8. Re1
Re8 9. Qc2 Bf8 10. a4 a5 11. dxe5 dxe5 12. Nc4 Qc7 13. Bg5 h6 14. Bh4 Nh5 15.
Bf1 Nc5 16. Nfd2 Be6 17. f3 Nf4 18. Red1 Be7 19. Bf2 Reb8 20. b4 axb4 21. cxb4
Nd7 22. Qc3 b5 23. Ne3 bxa4 24. b5 Bc5 25. g3 Bd4 26. Qxc6 Qa7 27. Re1 Rc8 28.
Qd6 Bc5 29. Nd1 Bxd6 30. Bxa7 Rxa7 31. gxf4 exf4 32. Nb2 Be5 33. Nbc4 Bd4+ 34.
Kg2 Bxa1 35. Rxa1 Rb8 36. Na3 Nb6 37. Rb1 Rd8 38. Rb2 Rc7 39. Kf2 Rc3 40. Ndb1
Rc1 41. Be2 Rd4 42. Nd2 Kf8 43. Ndb1 Ke7 44. Nc2 Nc4 45. Ra2 Ne3 46. Nxd4 Bxa2
47. Na3 Be6 48. b6 Bc8 49. Bb5 Ra1 50. Nc6+ Kd6 51. Na7 Bb7 52. Be8 Kc5 53. N7b5
f6 54. Ke2 Kxb6 55. Kd3 Kc5 56. Kc3 Ba6 57. Kb2 Bxb5 58. Nxb5 Rf1 59. Nc7 Kd6
60. Nb5+ Ke7 61. Bh5 Rf2+ 62. Ka3 Rxh2 63. Bg6 h5 0-1

[Event "World Rapid 2023"]
[Site "Samarkand UZB"]
[Date "2023.12.27"]
[EventDate "2023.12.26"]
[Round "7.80"]
[Result "0-1"]
[White "Artem Pingin"]
[Black "Vasquez Schroeder, Rodrigo"]
[WhiteElo "2419"]
[BlackElo "2475"]
[PlyCount "106"]

1. e4 c5 2. Nf3 d6 3. d4 cxd4 4. Nxd4 Nf6 5. Nc3 a6 6. h3 e6 7. g4 h6 8. Bg2 Be7
9. f4 Nc6 10. Be3 Nd7 11. Nf3 b5 12. O-O Bb7 13. Ne2 Na5 14. Ng3 Nc4 15. Bf2
Nxb2 16. Qe2 O-O 17. h4 Rc8 18. g5 hxg5 19. hxg5 e5 20. Nf5 Na4 21. N3h4 exf4
22. Bd4 Ne5 23. Nxe7+ Qxe7 24. Rxf4 Qxg5 25. Raf1 g6 26. Qf2 Nc3 27. Kh1 Rc7 28.
Qe3 b4 29. a3 Nb5 30. Nf3 Qh6+ 31. Kg1 Nxd4 32. Nxd4 Rc3 33. Qe1 a5 34. axb4
axb4 35. Qf2 Bc8 36. Nb5 Ng4 37. Rxg4 Bxg4 38. Nxc3 bxc3 39. Qf6 Be2 40. Rf2 Qe3
41. Kh1 Bg4 42. Rf4 Qg3 43. Qg5 Ra8 44. Rf1 Ra7 45. Qd8+ Kh7 46. Qg5 Rd7 47. Rf4
Ra7 48. Rf1 f5 49. exf5 gxf5 50. Qf6 Qe5 51. Qh4+ Kg6 52. Kg1 Qe3+ 53. Rf2 Ra1+ 0-1

[Event "World Rapid 2023"]
[Site "Samarkand UZB"]
[Date "2023.12.27"]
[EventDate "2023.12.26"]
[Round "7.81"]
[Result "1-0"]
[White "Jakub Seemann"]
[Black "Andrey Gorovets"]
[WhiteElo "2441"]
[BlackElo "2481"]
[PlyCount "114"]

1. d4 f5 2. c4 Nf6 3. Nf3 e6 4. Bf4 b6 5. e3 Bb7 6. h3 Bb4+ 7. Nc3 Ne4 8. Qc2 d6
9. Bd3 Nd7 10. O-O Bxc3 11. bxc3 g5 12. Bh2 Ndf6 13. d5 exd5 14. Nd4 g4 15. cxd5
Bxd5 16. Bb5+ Kf7 17. Nxf5 gxh3 18. f3 hxg2 19. Qxg2 Rg8 20. Nh6+ Ke7 21. Nxg8+
Qxg8 22. Bf4 Qxg2+ 23. Kxg2 Rg8+ 24. Kh2 Nd2 25. e4 Nxf1+ 26. Rxf1 Be6 27. a3
Nd7 28. Be2 Ne5 29. Re1 Kd7 30. Bg3 Bc4 31. f4 Ng4+ 32. Bxg4+ Rxg4 33. Kg2 h5
34. Kf3 Bf7 35. f5 Bb3 36. Rh1 Bc2 37. Bf4 Rg8 38. Rc1 Bb3 39. Ke3 Rg2 40. Kd3
b5 41. e5 Bc4+ 42. Kd4 c5+ 43. Ke4 Re2+ 44. Be3 dxe5 45. Rg1 Ke8 46. Rg7 a5 47.
f6 b4 48. cxb4 cxb4 49. axb4 axb4 50. Kf3 e4+ 51. Kf4 b3 52. Re7+ Kd8 53. Bb6+
Kc8 54. Rc7+ Kb8 55. Rxc4 Re1 56. Bf2 Rf1 57. Kxe4 1-0

[Event "World Rapid 2023"]
[Site "Samarkand UZB"]
[Date "2023.12.27"]
[EventDate "2023.12.26"]
[Round "7.82"]
[Result "1/2-1/2"]
[White "O'Gorman, Tom"]
[Black "Anton Demchenko"]
[WhiteElo "2322"]
[BlackElo "2609"]
[PlyCount "184"]

1. d4 Nf6 2. c4 d6 3. Nc3 e5 4. Nf3 Nc6 5. dxe5 dxe5 6. Qxd8+ Kxd8 7. Bg5 Be6 8.
Nd5 Bb4+ 9. Nxb4 Nxb4 10. O-O-O+ Kc8 11. a3 Nc6 12. Bxf6 gxf6 13. e3 a5 14. b3
Nb8 15. Nd2 Nd7 16. Bd3 f5 17. Kb2 c6 18. b4 Kc7 19. f4 axb4 20. axb4 Ra4 21.
Ra1 Rxb4+ 22. Kc3 c5 23. Nb3 e4 24. Be2 Rb6 25. Ra5 Rc6 26. Rb1 h5 27. Ra7 Rb6
28. Rba1 h4 29. R1a5 Kd6 30. Ra8 Rh6 31. Rc8 Rc6 32. Rd8 Ke7 33. Rda8 Rc7 34.
R5a7 Kd6 35. Na5 b6 36. Nb7+ Ke7 37. Nd8 Rxa7 38. Nc6+ Kf6 39. Nxa7 Kg7 40. Nb5
Rg6 41. Bf1 Nf6 42. h3 Nh5 43. Nc7 Ng3 44. Ra1 Nxf1 45. Rxf1 Rxg2 46. Re1 Ra2
47. Kb3 Rh2 48. Kc3 Rxh3 49. Na8 Rh2 50. Nxb6 Ra2 51. Rh1 Ra3+ 52. Kd2 Rd3+ 53.
Ke2 Rb3 54. Na4 Bxc4+ 55. Kf2 Bb5 56. Nxc5 Rc3 57. Nb7 Rc2+ 58. Kg1 Rc6 59. Rxh4
Ba6 60. Na5 Rc3 61. Kf2 Rc2+ 62. Kg1 Rc1+ 63. Kf2 Kg6 64. Rh3 Rf1+ 65. Kg2 Ra1
66. Rg3+ Kf6 67. Nc6 Be2 68. Ne5 Ra2 69. Kg1 Ra3 70. Rh3 Bg4 71. Rg3 Ke6 72. Kf2
Ra2+ 73. Kg1 Be2 74. Nc6 Kd6 75. Nd4 Bg4 76. Rg2 Ra1+ 77. Kf2 Kd5 78. Rg1 Ra2+
79. Kg3 Kc4 80. Rb1 Kd3 81. Rb3+ Kd2 82. Kf2 Kd1+ 83. Kg3 Ra6 84. Rb5 Kd2 85.
Nxf5 Bxf5 86. Rxf5 Kxe3 87. Rxf7 Rg6+ 88. Kh4 Rg1 89. Kh5 Kf3 90. Kh6 e3 91. f5
Kf4 92. Re7 Re1 1/2-1/2

[Event "World Rapid 2023"]
[Site "Samarkand UZB"]
[Date "2023.12.27"]
[EventDate "2023.12.26"]
[Round "7.83"]
[Result "1/2-1/2"]
[White "Alexander Riazantsev"]
[Black "Gabriel Gaehwiler"]
[WhiteElo "2616"]
[BlackElo "2381"]
[PlyCount "158"]

1. d4 Nf6 2. c4 e6 3. Nc3 d5 4. Bg5 Be7 5. e3 O-O 6. Nf3 h6 7. Bxf6 Bxf6 8. cxd5
exd5 9. Qb3 c6 10. Bd3 Re8 11. O-O Nd7 12. h3 Nb6 13. Rae1 Be6 14. Qc2 Qe7 15.
Ne5 Bxe5 16. dxe5 f6 17. exf6 Qxf6 18. e4 Bf7 19. Kh1 Rad8 20. b3 dxe4 21. Nxe4
Qd4 22. Rd1 Qb4 23. Nc5 Nd5 24. a3 Qb6 25. b4 Qc7 26. Bc4 b6 27. Nb3 Nf4 28. Nd4
c5 29. Nb5 Qe5 30. Bxf7+ Kxf7 31. bxc5 bxc5 32. Nxa7 Rxd1 33. Rxd1 Kg8 34. Qb3+
Kh7 35. Nb5 Qe2 36. Kg1 Re6 37. Qf3 Nxh3+ 38. Kh2 Nxf2 39. Qxe2 Rxe2 40. Ra1 Ne4
41. a4 Rb2 42. Nc7 Rb7 43. Nd5 Ra7 44. a5 Nd6 45. a6 Kg6 46. Nc3 Kf5 47. Ra5 Ke6
48. Rxc5 Rxa6 49. Rc7 Kf6 50. Nd5+ Ke5 51. Ne3 Kf6 52. Nd5+ Kg6 53. Nf4+ Kf5 54.
Nd3 g5 55. Rc5+ Kf6 56. Nb4 Ra4 57. Rc6 Ke7 58. Nd5+ Ke6 59. Ne3 Re4 60. Nf5
Kxf5 61. Rxd6 h5 62. Rd5+ Kg4 63. Rd2 h4 64. Ra2 Rf4 65. Rb2 Kh5 66. Rb5 Ra4 67.
Rc5 Kg6 68. Rc6+ Kh5 69. Rc5 Kg6 70. Rc6+ Kf5 71. Rc5+ Kf4 72. Rc3 g4 73. g3+
hxg3+ 74. Rxg3 Ra2+ 75. Rg2 g3+ 76. Kh1 Rf2 77. Rxf2+ gxf2 78. Kg2 Ke3 79. Kf1
Kf3 1/2-1/2

[Event "World Rapid 2023"]
[Site "Samarkand UZB"]
[Date "2023.12.27"]
[EventDate "2023.12.26"]
[Round "7.84"]
[Result "1-0"]
[White "Mikhail Markov"]
[Black "Rinat Jumabayev"]
[WhiteElo "2283"]
[BlackElo "2598"]
[PlyCount "36"]

1. c4 e5 2. Nf3 Nf6 3. g3 d5 4. Bg2 d4 5. O-O c5 6. d3 Nc6 7. e3 Bd6 8. a3 a5 9.
a4 O-O 10. Na3 h6 11. Nb5 dxe3 12. Bxe3 Bg4 13. Nd2 Be6 14. Bf3 Nd4 15. Nb3 Rb8
16. Bxb7 Be7 17. Bg2 Nxb3 18. Bd2 1-0

[Event "World Rapid 2023"]
[Site "Samarkand UZB"]
[Date "2023.12.27"]
[EventDate "2023.12.26"]
[Round "7.85"]
[Result "1/2-1/2"]
[White "Johan-Sebastian Christiansen"]
[Black "Mustafokhuja Khusenkhojaev"]
[WhiteElo "2618"]
[BlackElo "2298"]
[PlyCount "176"]

1. e4 e5 2. Nf3 Nc6 3. d4 exd4 4. Nxd4 Nf6 5. Nxc6 bxc6 6. Nd2 d5 7. exd5 cxd5
8. Bb5+ Bd7 9. Bxd7+ Qxd7 10. O-O Be7 11. b3 O-O 12. Bb2 Ng4 13. c4 Bf6 14. Bxf6
Nxf6 15. cxd5 Qxd5 16. Qc2 c5 17. Rac1 a5 18. Nc4 Qc6 19. Ne5 Qe6 20. Rfe1 Rfe8
21. Nf3 Qd7 22. Rxe8+ Rxe8 23. Qxc5 a4 24. b4 h6 25. b5 Rb8 26. b6 Qe6 27. Qa3
Rxb6 28. Qxa4 Ra6 29. Qd4 Rxa2 30. h3 Qe4 31. Qd8+ Kh7 32. Re1 Qc2 33. Qd4 Ra4
34. Qb6 Re4 35. Rf1 Re7 36. Qb5 Rd7 37. Kh2 Rd1 38. Rxd1 Qxd1 39. Ne5 Qd4 40.
Qb1+ Qe4 41. Qb2 Qf4+ 42. Kg1 Ne4 43. Nf3 f5 44. Qc2 Ng5 45. Nd2 Qe5 46. Nf1 Ne4
47. Qe2 Qa1 48. g3 Qb1 49. Qe3 Qd1 50. Kg2 Qd5 51. f3 Nd6 52. g4 fxg4 53. hxg4
Nc4 54. Qf4 Qd3 55. Kg1 Kh8 56. Qf8+ Kh7 57. Qf4 Kh8 58. Kf2 Kh7 59. Qc1 Kh8 60.
Qe1 Kh7 61. Kg3 Qd6+ 62. Kg2 Qd3 63. Qf2 Kh8 64. Kg3 Qd6+ 65. Kh3 Qd3 66. Kg2
Kh7 67. Kh2 Qd6+ 68. Kh3 Qd3 69. Ng3 Ne5 70. Kg2 Nc4 71. Ne4 Ne3+ 72. Kg3 Nf1+
73. Kh3 Ne3 74. Ng3 Nd5 75. Kh2 Nf4 76. Kh1 Qd1+ 77. Kh2 Qd3 78. Ne4 Qe2 79. Kg3
Qxf2+ 80. Kxf2 g5 81. Ke3 Kg6 82. Kd4 h5 83. gxh5+ Kxh5 84. Ke5 Kg6 85. Nc5 Ne2
86. Ne4 Ng1 87. Nxg5 Nxf3+ 88. Nxf3 1/2-1/2

[Event "World Rapid 2023"]
[Site "Samarkand UZB"]
[Date "2023.12.27"]
[EventDate "2023.12.26"]
[Round "7.86"]
[Result "1-0"]
[White "David Akhmedov"]
[Black "Van Foreest, Lucas"]
[WhiteElo "2244"]
[BlackElo "2530"]
[PlyCount "158"]

1. e4 e5 2. Nf3 Nc6 3. Nc3 Nf6 4. g3 Bc5 5. Bg2 d6 6. h3 a5 7. d3 Nd4 8. O-O
Nxf3+ 9. Qxf3 Be6 10. Be3 Qd7 11. Bxc5 dxc5 12. Qe3 Qd4 13. Qg5 h6 14. Qd2 Qd7
15. Kh2 h5 16. f4 h4 17. f5 hxg3+ 18. Kxg3 Bc4 19. Qf2 Ba6 20. Qxc5 O-O-O 21.
Qxe5 Rde8 22. Qc5 b6 23. Qe3 Qd6+ 24. Kf2 g6 25. Kg1 gxf5 26. Rxf5 Reg8 27. Qf4
Qb4 28. Rb1 Nh5 29. Qf2 Bb7 30. Rxf7 Kb8 31. Ne2 Bc8 32. Rf3 Rh7 33. Kh1 Qd2 34.
Nd4 Qg5 35. Nf5 Qf6 36. d4 Qe6 37. e5 Qxa2 38. Rf1 Qxb2 39. Rb3 Qa2 40. Qf3 Rxg2
41. Qxg2 a4 42. Rd3 Qc4 43. Ne3 Qb5 44. Rf3 Rg7 45. Qf2 Ka7 46. d5 Qb2 47. e6
Ba6 48. Rd1 Qe5 49. Ng4 Qe4 50. Rd4 Qh7 51. Rf7 a3 52. Ra4 Kb7 53. d6 Bb5 54.
Rxa3 Bc6+ 55. Kh2 Qe4 56. Ra1 Qxe6 57. Rxg7 Qxd6+ 58. Kg1 Nxg7 59. c4 Ne6 60.
Rf1 Ng5 61. Qe3 Qg6 62. c5 Qc2 63. Rf2 Qd1+ 64. Kh2 Qh1+ 65. Kg3 Qxh3+ 66. Kf4
Qh5 67. Rh2 Qg6 68. Rh6 Qg7 69. Qe5 Qf8+ 70. Kxg5 b5 71. Qe6 Qxc5+ 72. Ne5 Qe3+
73. Kg6 Be4+ 74. Kf7 Qa3 75. Rh8 Qc1 76. Qc8+ Kb6 77. Rh6+ Qxh6 78. Nd7+ Ka5 79.
Qxc7+ Ka4 1-0

[Event "World Rapid 2023"]
[Site "Samarkand UZB"]
[Date "2023.12.27"]
[EventDate "2023.12.26"]
[Round "7.87"]
[Result "1-0"]
[White "Elham Amar"]
[Black "Timur Yonal"]
[WhiteElo "2555"]
[BlackElo "2003"]
[PlyCount "78"]

1. e4 c5 2. Nf3 d6 3. d4 cxd4 4. Nxd4 Nf6 5. Nc3 a6 6. Bc4 e6 7. Bg5 Nbd7 8. Qe2
Qc7 9. O-O-O b5 10. Bb3 Nc5 11. Bxf6 gxf6 12. f4 h5 13. f5 Bh6+ 14. Kb1 Bf4 15.
Nf3 Bd7 16. g3 Bh6 17. Nd4 b4 18. fxe6 fxe6 19. Qxh5+ Ke7 20. Nf5+ Kf8 21. Nxh6
Be8 22. Qh4 Qg7 23. Ne2 Rxh6 24. Qf4 e5 25. Qe3 Ke7 26. Rxd6 Kxd6 27. Rd1+ Kc7
28. Qxc5+ Bc6 29. Rd6 Qd7 30. Rxd7+ Kxd7 31. Be6+ Kc7 32. Bd5 f5 33. Qe7+ Kb6
34. Qxb4+ Kc7 35. Qe7+ Kb6 36. Nc3 fxe4 37. Qb4+ Kc7 38. Bxc6 Kxc6 39. Qxe4+ 1-0

[Event "World Rapid 2023"]
[Site "Samarkand UZB"]
[Date "2023.12.27"]
[EventDate "2023.12.26"]
[Round "7.88"]
[Result "1-0"]
[White "Danis Kuandykuly"]
[Black "Tigran K Harutyunyan"]
[WhiteElo "2095"]
[BlackElo "2519"]
[PlyCount "60"]

1. e4 e5 2. Nf3 Nc6 3. Bb5 a6 4. Ba4 Nf6 5. O-O Be7 6. d3 b5 7. Bb3 O-O 8. a4 b4
9. Re1 d6 10. Nbd2 Na5 11. Ba2 c5 12. c3 Rb8 13. d4 cxd4 14. cxd4 Qc7 15. Nb3
Bg4 16. Bg5 Nxb3 17. Bxb3 exd4 18. Qxd4 Bxf3 19. gxf3 Nh5 20. Rac1 Qd7 21. Bxe7
Qxe7 22. e5 dxe5 23. Qxe5 Qh4 24. Bxf7+ Kh8 25. Bxh5 Rb6 26. Rc8 Rf6 27. Rxf8+
Rxf8 28. Qe8 Qg5+ 29. Kh1 Qf6 30. Qxf8+ 1-0

[Event "World Rapid 2023"]
[Site "Samarkand UZB"]
[Date "2023.12.27"]
[EventDate "2023.12.26"]
[Round "7.89"]
[Result "0-1"]
[White "Ramazan Zhalmakhanov"]
[Black "Asrorjon Omonov"]
[WhiteElo "2493"]
[BlackElo "2224"]
[PlyCount "92"]

1. e4 c6 2. d4 d5 3. e5 c5 4. dxc5 Nc6 5. Nf3 Bg4 6. c3 e6 7. Be3 a6 8. Nbd2
Nxe5 9. b4 Nd7 10. h3 Bh5 11. g4 Bg6 12. c4 Ngf6 13. g5 Ne4 14. cxd5 Nc3 15. Qb3
Nxd5 16. Bd4 Be7 17. Bc4 Bxg5 18. Bxd5 exd5 19. Bxg7 Rg8 20. Bd4 Bxd2+ 21. Kxd2
Be4 22. Rhg1 Rg6 23. Rae1 Qc7 24. Rxg6 hxg6 25. Ng5 O-O-O 26. Qg3 Qxg3 27. fxg3
f5 28. a4 Re8 29. b5 Kc7 30. Rc1 Nf8 31. Nf7 axb5 32. axb5 Ra8 33. Be5+ Kc8 34.
Nd6+ Kd7 35. Nxb7 Ra2+ 36. Ke1 Ne6 37. c6+ Ke7 38. c7 Nxc7 39. Rxc7+ Ke6 40. Bd4
f4 41. Nc5+ Kf5 42. Rf7+ Kg5 43. Ne6+ Kh6 44. Bg7+ Kh7 45. Be5+ Kg8 46. Rg7+ 0-1

[Event "World Rapid 2023"]
[Site "Samarkand UZB"]
[Date "2023.12.27"]
[EventDate "2023.12.26"]
[Round "7.90"]
[Result "0-1"]
[White "Emin Ohanyan"]
[Black "Velimir Ivic"]
[WhiteElo "2456"]
[BlackElo "2570"]
[PlyCount "76"]

1. d4 Nf6 2. c4 g6 3. Nc3 Bg7 4. e4 d6 5. Be2 O-O 6. Be3 a5 7. Nf3 Ng4 8. Bg5 h6
9. Bh4 Nf6 10. h3 Nh5 11. Qd2 g5 12. Nxg5 hxg5 13. Qxg5 Nf6 14. e5 Nh7 15. Qh5
Nc6 16. Nd5 f5 17. g4 Be6 18. g5 Re8 19. Rd1 dxe5 20. dxe5 Nxe5 21. g6 Nf8 22.
Nf4 Qc8 23. Rg1 Bxc4 24. Bxc4+ Nxc4 25. Bg5 Ra6 26. Bh6 e5 27. Nd5 Rd6 28. Qe2
Nb6 29. Bxg7 Kxg7 30. Ne3 f4 31. h4 fxe3 32. h5 Rxd1+ 33. Qxd1 exf2+ 34. Kxf2
Qf5+ 35. Ke1 Qe4+ 36. Kf1 Ne6 37. h6+ Kxh6 38. g7 Nxg7 0-1

[Event "World Rapid 2023"]
[Site "Samarkand UZB"]
[Date "2023.12.27"]
[EventDate "2023.12.26"]
[Round "7.91"]
[Result "0-1"]
[White "Gallego Alcaraz, Andres Felipe"]
[Black "Eldiar Orozbaev"]
[WhiteElo "2486"]
[BlackElo "2305"]
[PlyCount "96"]

1. d4 d5 2. Nf3 Nf6 3. c4 dxc4 4. e3 a6 5. Bxc4 b5 6. Bb3 e6 7. O-O Bb7 8. Qe2
c5 9. Rd1 Nbd7 10. a4 c4 11. Bc2 b4 12. Nbd2 c3 13. Nb3 Ne4 14. Ne1 Bd6 15. f3
Bxh2+ 16. Kxh2 Qh4+ 17. Kg1 Ng3 18. Qd3 Qh1+ 19. Kf2 Qh4 20. Kg1 Qh1+ 21. Kf2
Qh4 22. Kg1 a5 23. bxc3 bxc3 24. Nc5 Nxc5 25. dxc5 O-O 26. Qxh7+ Qxh7 27. Bxh7+
Kxh7 28. Kf2 Nh1+ 29. Kg1 Ng3 30. e4 Rfd8 31. Be3 Bc6 32. Rd6 Rxd6 33. cxd6 Rd8
34. Bc5 f5 35. e5 Rb8 36. Kf2 f4 37. Nd3 g5 38. Rc1 Rb3 39. Bd4 c2 40. Nb2 Nf5
41. Rxc2 Nxd4 42. Rd2 Nf5 43. d7 Bxd7 44. Rxd7+ Kg6 45. Rd2 Ne3 46. Kg1 Kf5 47.
Nd3 Rb1+ 48. Kf2 0-1

[Event "World Rapid 2023"]
[Site "Samarkand UZB"]
[Date "2023.12.27"]
[EventDate "2023.12.26"]
[Round "7.68"]
[Result "1/2-1/2"]
[White "Mergen Kakabayev"]
[Black "Sinisa Drazic"]
[WhiteElo "2266"]
[BlackElo "2264"]
[PlyCount "222"]

1. e4 c5 2. Nf3 h6 3. d4 cxd4 4. Nxd4 Nf6 5. Bd3 Nc6 6. Nxc6 dxc6 7. O-O e5 8.
Qe2 Bg4 9. f3 Bc5+ 10. Be3 Bxe3+ 11. Qxe3 Be6 12. Nc3 Qb6 13. Qxb6 axb6 14. a3
Ke7 15. Rfd1 b5 16. Kf2 Nd7 17. Ke3 g5 18. g3 Rhg8 19. Rh1 h5 20. Ne2 h4 21.
gxh4 gxh4 22. Rhg1 Nf6 23. Rxg8 Rxg8 24. Rg1 Rxg1 25. Nxg1 Nh5 26. Ne2 f6 27. b4
Kf7 28. Nc3 Nf4 29. Bf1 Ke7 30. a4 bxa4 31. Nxa4 b5 32. Nc5 Bf7 33. c3 Kd6 34.
Nb7+ Ke7 35. Nc5 Bg8 36. Kf2 Ba2 37. Ke3 Kd6 38. Nb7+ Ke7 39. Kd2 Bf7 40. Ke3
Ba2 41. Be2 Ng2+ 42. Kd2 Nf4 43. Bd1 Be6 44. Nc5 Bc4 45. Ke3 Ng2+ 46. Kf2 Nf4
47. Ke3 Bf7 48. Bb3 Bxb3 49. Nxb3 Kd6 50. Na5 Ng2+ 51. Kf2 Nf4 52. Ke3 Ng2+ 53.
Kd2 Nf4 54. Nb7+ Kc7 55. Nc5 Kd6 56. Ke3 Ng2+ 57. Kf2 Nf4 58. Ke3 Ng2+ 59. Kd2
Nf4 60. Nd3 Ne6 61. Ke3 c5 62. f4 cxb4 63. cxb4 Nd4 64. fxe5+ fxe5 65. Kf2 Ke6
66. Kg2 Kf6 67. Kh3 Nf3 68. Nc5 Kg5 69. Ne6+ Kh5 70. Nc7 Ng5+ 71. Kg2 Kg4 72.
Nxb5 Nxe4 73. Nc7 h3+ 74. Kf1 Kf3 75. b5 Nd2+ 76. Ke1 Nc4 77. Nd5 e4 78. b6 Nd6
79. Nc3 Nb7 80. Kf1 e3 81. Ne2 Ke4 82. Ng1 Kd5 83. Nxh3 Kc6 84. Nf4 Nd6 85. Ke2
Nc4 86. Nd5 Nd6 87. Nxe3 Kxb6 88. Kf3 Kc6 89. Kf4 Kd7 90. Kg5 Ke6 91. Kg6 Ke7
92. Kg7 Ne8+ 93. Kg6 Nd6 94. h4 Kf8 95. h5 Nf7 96. Ng4 Nh8+ 97. Kh7 Nf7 98. Nf6
Ne5 99. Ne4 Kf7 100. Nd6+ Kf8 101. Nf5 Kf7 102. Nd6+ Kf8 103. Ne4 Kf7 104. Kh6
Kg8 105. Nf6+ Kh8 106. Kg5 Nf7+ 107. Kg6 Ne5+ 108. Kf5 Nf7 109. Ne8 Kh7 110. Kf6
Kh6 111. Kxf7 1/2-1/2

[Event "World Rapid 2023"]
[Site "Samarkand UZB"]
[Date "2023.12.27"]
[EventDate "2023.12.26"]
[Round "7.93"]
[Result "1-0"]
[White "Amilal Munkhdalai"]
[Black "Shahruh Turayev"]
[WhiteElo "2388"]
[BlackElo "2183"]
[PlyCount "70"]

1. e4 e6 2. d4 d5 3. Nd2 c5 4. exd5 Qxd5 5. dxc5 Bxc5 6. Ngf3 Nf6 7. Bd3 O-O 8.
Qe2 Nc6 9. Ne4 Nxe4 10. Bxe4 Qd6 11. O-O h6 12. Rd1 Qe7 13. c3 a5 14. Be3 a4 15.
Rd2 Ra5 16. Rad1 e5 17. Bxc5 Rxc5 18. Qe3 Be6 19. Bxc6 bxc6 20. Nxe5 Bb3 21. Nd7
Qxe3 22. fxe3 Bxd1 23. Nxc5 Bg4 24. Nxa4 Ra8 25. b3 Ra5 26. c4 Re5 27. Kf2 Rf5+
28. Kg3 Rg5 29. Kf4 Be6 30. e4 Ra5 31. c5 Rb5 32. Rd6 Rb4 33. Rxc6 Bd7 34. Rb6
Rd4 35. Rd6 1-0

[Event "World Rapid 2023"]
[Site "Samarkand UZB"]
[Date "2023.12.27"]
[EventDate "2023.12.26"]
[Round "7.94"]
[Result "0-1"]
[White "Felix Xie"]
[Black "Saidakbar Saydaliev"]
[WhiteElo "2244"]
[BlackElo "2426"]
[PlyCount "84"]

1. Nf3 Nf6 2. b3 d5 3. Bb2 e6 4. c4 c6 5. e3 Bd6 6. Nc3 Nbd7 7. d4 O-O 8. Be2
dxc4 9. bxc4 e5 10. O-O Qe7 11. Bd3 e4 12. c5 Bc7 13. Bc2 exf3 14. Qxf3 Nxc5 15.
e4 Ne6 16. Ne2 Ng5 17. Qe3 Bxh2+ 18. Kh1 Ng4 19. Qd3 Bc7 20. g3 f5 21. e5 Rd8
22. Bb3+ Be6 23. Qxf5 Bxb3 24. axb3 Nh6 25. Qf4 Rf8 26. Qd2 Qf7 27. Nf4 Qxb3 28.
Ra3 Qf7 29. Kg2 Ne6 30. Ne2 Qg6 31. f4 Bb6 32. Raf3 Nf5 33. Rh1 Rad8 34. Rd3
Nfxd4 35. Bxd4 Bxd4 36. Rd1 c5 37. Qa2 Kh8 38. Rf3 Qe4 39. Rf1 g5 40. Kh3 g4+
41. Kxg4 Qf5+ 42. Kh4 Rg8 0-1

[Event "World Rapid 2023"]
[Site "Samarkand UZB"]
[Date "2023.12.27"]
[EventDate "2023.12.26"]
[Round "7.95"]
[Result "1/2-1/2"]
[White "Faustino Oro"]
[Black "Jamshid Mustafaev"]
[WhiteElo "2357"]
[BlackElo "2313"]
[PlyCount "110"]

1. e4 c5 2. Nf3 d6 3. c3 Nf6 4. h3 Nbd7 5. Bd3 g6 6. O-O Bg7 7. Bc2 O-O 8. d4 b5
9. e5 Ne8 10. exd6 Nxd6 11. Re1 Bb7 12. Bg5 Re8 13. Nbd2 cxd4 14. Nxd4 b4 15.
Ba4 bxc3 16. bxc3 Rc8 17. Qg4 Ne5 18. Qg3 Nc6 19. N2b3 h6 20. Be3 e5 21. Nxc6
Bxc6 22. Bxc6 Rxc6 23. Bxa7 Qc7 24. Be3 Nf5 25. Qg4 Rxc3 26. Bd2 Rc4 27. Qe2 Rc8
28. Rac1 Nd4 29. Qd3 Rc2 30. Be3 Qc4 31. Rxc2 Qxc2 32. Qxc2 Rxc2 33. Bxd4 exd4
34. Rd1 Rc4 35. Kf1 Ra4 36. Rd2 f5 37. Ke2 Kf7 38. Kd3 Rb4 39. Rb2 Ra4 40. Rc2
Be5 41. g3 Bf6 42. Rc7+ Ke8 43. Nc1 Ra3+ 44. Kc2 Bg5 45. Nd3 Rxa2+ 46. Nb2 Bf6
47. Kb3 Ra1 48. Nd3 Ra6 49. Kc4 Ra3 50. Nc5 d3 51. Rc8+ Ke7 52. Rc7+ Ke8 53.
Rc8+ Ke7 54. Rc7+ Ke8 55. Rc8+ 1/2-1/2

[Event "World Rapid 2023"]
[Site "Samarkand UZB"]
[Date "2023.12.27"]
[EventDate "2023.12.26"]
[Round "7.96"]
[Result "1-0"]
[White "Mohamed Tissir"]
[Black "Nikolay Tregubenko"]
[WhiteElo "2349"]
[BlackElo "2017"]
[PlyCount "86"]

1. e4 c5 2. Nc3 d6 3. Nf3 Nf6 4. d4 cxd4 5. Nxd4 a6 6. Bc4 e6 7. Bb3 Be7 8. g4
h6 9. Rg1 Nc6 10. Be3 Bd7 11. h4 Nxd4 12. Qxd4 e5 13. Qc4 Be6 14. Qe2 Bxb3 15.
axb3 Nd7 16. g5 hxg5 17. hxg5 Rc8 18. Nd5 Nc5 19. g6 fxg6 20. Qg4 Bf6 21. b4 Nd7
22. Qe6+ Kf8 23. Qxd6+ Kf7 24. Nc3 Nf8 25. O-O-O Qxd6 26. Rxd6 Rd8 27. Rb6 Rd7
28. Rd1 Rxd1+ 29. Kxd1 g5 30. Nd5 Ne6 31. Rxb7+ Kg6 32. Rb6 Re8 33. Rxa6 g4 34.
b5 Bd8 35. b6 Kf7 36. b7 Bc7 37. Rxe6 Rb8 38. Re7+ Kf8 39. Rxc7 g3 40. fxg3 g5
41. Bc5+ Ke8 42. Nf6+ Kd8 43. Rd7# 1-0

[Event "World Rapid 2023"]
[Site "Samarkand UZB"]
[Date "2023.12.27"]
[EventDate "2023.12.26"]
[Round "7.97"]
[Result "0-1"]
[White "Bakhrom Bakhrillaev"]
[Black "Akmal Fayzullaev"]
[WhiteElo "2332"]
[BlackElo "2367"]
[PlyCount "122"]

1. d4 Nf6 2. c4 c5 3. d5 e6 4. Nc3 exd5 5. cxd5 d6 6. e4 g6 7. f4 Bg7 8. Bb5+
Nfd7 9. a4 O-O 10. Nf3 Na6 11. O-O Nb4 12. Be3 Nf6 13. Bf2 a6 14. Bc4 Bg4 15.
Rc1 Re8 16. h3 Bxf3 17. Qxf3 Qa5 18. e5 dxe5 19. fxe5 Rxe5 20. d6 Nc6 21. Nd5
Nxd5 22. Bxd5 Rf5 23. Qb3 Qb4 24. Bxf7+ Rxf7 25. Qxf7+ Kxf7 26. Bxc5+ Ke6 27.
Bxb4 Nxb4 28. Rc7 Bd4+ 29. Kh1 b6 30. Rd1 Bf6 31. Rxh7 Nd5 32. Rb7 Rd8 33. d7
Bxb2 34. a5 b5 35. Ra7 Nb4 36. Rb7 Ke7 37. Re1+ Kd6 38. Rb6+ Kc5 39. Rb1 Bc3 40.
Rc1 Kc4 41. Rxg6 Rxd7 42. h4 Rd4 43. g4 Kb3 44. Rf1 Rd2 45. h5 Nd3 46. g5 Ne5
47. Rxa6 Ng4 48. Rf3 Rh2+ 49. Kg1 Rxh5 50. Rc6 b4 51. a6 Ne5 52. Rfxc3+ bxc3 53.
Rb6+ Kc4 54. a7 c2 55. a8=Q c1=Q+ 56. Kf2 Qf4+ 57. Ke1 Rh1+ 58. Qxh1 Qc1+ 59.
Ke2 Qxh1 60. g6 Qe4+ 61. Kf2 Nxg6 0-1

[Event "World Rapid 2023"]
[Site "Samarkand UZB"]
[Date "2023.12.27"]
[EventDate "2023.12.26"]
[Round "7.98"]
[Result "0-1"]
[White "Daler Vakhidov"]
[Black "Kanan Garayev"]
[WhiteElo "2175"]
[BlackElo "2356"]
[PlyCount "80"]

1. Nf3 Nf6 2. g3 g6 3. Bg2 Bg7 4. d4 O-O 5. c4 d6 6. Nc3 Nc6 7. O-O e5 8. dxe5
Nxe5 9. Nxe5 dxe5 10. Bg5 Qxd1 11. Rfxd1 c6 12. Bxf6 Bxf6 13. Ne4 Be7 14. Nd6
Bxd6 15. Rxd6 Be6 16. b3 Rfd8 17. Rad1 Rxd6 18. Rxd6 a5 19. a4 Kf8 20. f4 exf4
21. gxf4 Ke7 22. Rd4 Rd8 23. Rxd8 Kxd8 24. Kf2 Bf5 25. e4 Bg4 26. Bf3 Bxf3 27.
Kxf3 Kd7 28. Ke3 Kd6 29. Kd4 f6 30. c5+ Ke6 31. h4 f5 32. e5 h6 33. h5 gxh5 34.
Ke3 Kd5 35. Kf3 Kxc5 36. Kg3 b5 37. Kh4 bxa4 38. bxa4 Kd5 39. Kxh5 c5 40. Kg6
Ke6 0-1